[Event "SVK-chT3A2 2223"]
[Site "Slovakia"]
[Date "2023.02.19"]
[Round "7.6"]
[White "Horak, Viliam"]
[Black "Lezovic, Maros"]
[Result "0-1"]
[WhiteElo "1215"]
[BlackElo "1852"]
[PlyCount "84"]
[EventDate "2022.10.16"]
[EventType "team-tourn"]
[EventRounds "9"]
[EventCountry "SVK"]
[SourceTitle "EXT 2024"]
[Source "ChessBase"]
[SourceDate "2023.10.10"]
[SourceVersion "1"]
[SourceVersionDate "2023.10.10"]
[SourceQuality "1"]
[WhiteTeam "Holic"]
[BlackTeam "Modranka Komplet II"]
[WhiteTeamCountry "SVK"]
[BlackTeamCountry "SVK"]

1. d4 Nf6 2. c4 g6 3. Nc3 d5 4. Nf3 Bg7 5. Bg5 c6 6. e3 0-0 7. cxd5 cxd5 8. Bb5 Bg4 9. 0-0 Ne4 10. Bf4 Bxf3 11. gxf3 Nxc3 12. bxc3 a6 13. Ba4 Nd7 14. Rb1 b5 15. Bb3 Nb6 16. Re1 Rc8 17. Qd2 Nc4 18. Bxc4 Rxc4 19. Rbc1 Qd7 20. Rc2 Rfc8 21. Rec1 Qf5 22. Qe2 Bxd4 23. exd4 Qxf4 24. Qxe7 Qxf3 25. Qe3 Qxe3 26. fxe3 b4 27. Kf2 Rxc3 28. Rxc3 Rxc3 29. Rxc3 bxc3 30. Ke2 f5 31. Kd3 g5 32. Kxc3 Kf7 33. Kb4 f4 34. exf4 gxf4 35. Kc3 Kf6 36. Kd2 Kf5 37. Kd3 Kg4 38. Ke2 f3+ 39. Ke3 f2 40. Kxf2 Kf4 41. Ke2 Ke4 42. Kd2 Kxd4 0-1

[Event "SVK-chT3A2 1516"]
[Site "Slovakia"]
[Date "2016.03.20"]
[Round "10.2"]
[White "Sarmir, Milos"]
[Black "Lezovic, Maros"]
[Result "1-0"]
[WhiteElo "2023"]
[BlackElo "1815"]
[PlyCount "64"]
[EventDate "2015.10.11"]
[EventType "team-tourn"]
[EventRounds "11"]
[EventCountry "SVK"]
[SourceTitle "EXT 2020"]
[Source "ChessBase"]
[SourceDate "2019.10.17"]
[SourceVersion "1"]
[SourceVersionDate "2019.10.17"]
[SourceQuality "1"]
[WhiteTeam "Cifer"]
[BlackTeam "Modranka Komplet"]
[WhiteTeamCountry "SVK"]
[BlackTeamCountry "SVK"]

1. e4 e5 2. Nf3 Nc6 3. Bb5 d6 4. 0-0 Nf6 5. Re1 Bd7 6. c3 Be7 7. d4 0-0 8. Bg5 h6 9. Bh4 Ng4 10. Bg3 a6 11. Ba4 b5 12. Bb3 exd4 13. cxd4 Na5 14. Bc2 f5 15. exf5 Bxf5 16. Bxf5 Rxf5 17. Qe2 Rf7 18. Nc3 Qd7 19. Nd5 Nc6 20. Rac1 Nf6 21. Nf4 Nb4 22. Ne5 dxe5 23. dxe5 Qd8 24. exf6 Bxf6 25. Ne6 Qd3 26. Qg4 Bxb2 27. Rxc7 Rxc7 28. Nxc7 Rd8 29. Qxb4 Bc3 30. Qb3+ Kh7 31. Rc1 b4 32. Ne6 Rd6 1-0

[Event "SVK-chT3A2 1516"]
[Site "Slovakia"]
[Date "2015.11.15"]
[Round "3.4"]
[White "Jablonicky, Frantisek"]
[Black "Lezovic, Maros"]
[Result "1-0"]
[WhiteElo "2128"]
[BlackElo "1815"]
[PlyCount "71"]
[EventDate "2015.10.11"]
[EventType "team-tourn"]
[EventRounds "11"]
[EventCountry "SVK"]
[SourceTitle "EXT 2020"]
[Source "ChessBase"]
[SourceDate "2019.10.17"]
[SourceVersion "1"]
[SourceVersionDate "2019.10.17"]
[SourceQuality "1"]
[WhiteTeam "Sered MSK"]
[BlackTeam "Modranka Komplet"]
[WhiteTeamCountry "SVK"]
[BlackTeamCountry "SVK"]

1. g3 e5 2. c4 Nc6 3. Bg2 g6 4. Nc3 Bg7 5. e3 Nge7 6. Nge2 0-0 7. d4 d6 8. 0-0 Nf5 9. d5 Na5 10. Qd3 b6 11. b4 Nb7 12. Bb2 a5 13. a3 Ne7 14. f4 f6 15. e4 Bg4 16. h3 Bxe2 17. Nxe2 Qd7 18. fxe5 fxe5 19. Rxf8+ Kxf8 20. Rf1+ Kg8 21. Nc3 axb4 22. axb4 c5 23. dxc6 Qxc6 24. Nb5 Rf8 25. Rd1 Rd8 26. Bc1 h6 27. h4 Qd7 28. Be3 Qc6 29. Bh3 Kh7 30. Be6 Nc8 31. Rf1 Rf8 32. Rxf8 Bxf8 33. Qf1 Qe8 34. Nc7 Qd8 35. Qf7+ Bg7 36. Ne8 1-0

[Event "SVK-chT4A21 1415"]
[Site "Slovakia"]
[Date "2015.01.04"]
[Round "6.4"]
[White "Kanka, Tomas"]
[Black "Lezovic, Maros"]
[Result "1/2-1/2"]
[WhiteElo "1723"]
[BlackElo "1792"]
[PlyCount "109"]
[EventDate "2014.10.12"]
[EventType "team-tourn"]
[EventRounds "11"]
[EventCountry "SVK"]
[SourceTitle "EXT 2022"]
[Source "ChessBase"]
[SourceDate "2021.10.06"]
[SourceVersion "1"]
[SourceVersionDate "2021.10.06"]
[SourceQuality "1"]
[WhiteTeam "Gbely Nafta II"]
[BlackTeam "Modranka Komplet Juniors"]
[WhiteTeamCountry "SVK"]
[BlackTeamCountry "SVK"]

1. e4 b6 2. d4 Nf6 3. e5 Nd5 4. a3 e6 5. c4 Ne7 6. Nf3 Bb7 7. Nc3 d6 8. Bf4 Ng6 9. Bg3 Be7 10. d5 0-0 11. Bd3 Nxe5 12. Nxe5 dxe5 13. Bxe5 Bf6 14. f4 exd5 15. cxd5 Bxd5 16. Bxh7+ Kxh7 17. Qxd5 Bxe5 18. fxe5 Qxd5 19. Nxd5 Nc6 20. 0-0 Nxe5 21. Nxc7 Rac8 22. Nb5 Rc2 23. b4 a6 24. Rf5 f6 25. Nd4 Rd2 26. Ne6 Rc8 27. Raf1 Rcc2 28. Rh5+ Kg8 29. Nf4 Ra2 30. Rc1 Rac2 31. Rxc2 Rxc2 32. Nd5 b5 33. Rh3 Kf7 34. Rc3 Rxc3 35. Nxc3 Nc4 36. a4 Nd6 37. Kf2 Ke6 38. Kf3 Ke5 39. Ke3 Nf5+ 40. Kd3 Nd4 41. axb5 axb5 42. Nd1 Nc6 43. Kc3 Ke4 44. Nf2+ Ke3 45. Nd3 Nxb4 46. Nxb4 Kf2 47. g4 Kf3 48. h3 Kg3 49. Nc2 Kxh3 50. Ne3 Kg3 51. Nf5+ Kxg4 52. Nxg7 f5 53. Nxf5 Kxf5 54. Kb4 Ke4 55. Kxb5 1/2-1/2

[Event "SVK-chT3A2 1415"]
[Site "Slovakia"]
[Date "2014.12.14"]
[Round "5.6"]
[White "Mihalik, Marek"]
[Black "Lezovic, Maros"]
[Result "1-0"]
[WhiteElo "2025"]
[BlackElo "1792"]
[PlyCount "83"]
[EventDate "2014.10.19"]
[EventType "team-tourn"]
[EventRounds "11"]
[EventCountry "SVK"]
[SourceTitle "EXT 2019"]
[Source "ChessBase"]
[SourceDate "2018.10.10"]
[SourceVersion "1"]
[SourceVersionDate "2018.10.10"]
[SourceQuality "1"]

1. d4 d5 2. c4 Nf6 3. cxd5 Nxd5 4. Nf3 Nc6 5. e4 Nf6 6. Nc3 Bg4 7. Be3 e6 8. Bb5 a6 9. Bxc6+ bxc6 10. Qa4 Bxf3 11. Qxc6+ Nd7 12. gxf3 Rb8 13. d5 exd5 14. Nxd5 Bd6 15. Bd4 0-0 16. Rg1 Ne5 17. Qc3 Bb4 18. Nxb4 Qxd4 19. Qxd4 Nxf3+ 20. Kf1 Nxd4 21. Nxa6 Rxb2 22. Nxc7 Rc8 23. Nd5 Rcc2 24. Rg2 Rxa2 25. Rd1 Ra8 26. Ne3 g6 27. Rxd4 Rc1+ 28. Ke2 Re8 29. Kf3 Rc3 30. Kf4 Kf8 31. Rg5 h6 32. Ra5 Rc6 33. Ng4 Kg7 34. Ra7 h5 35. Ne3 Rf6+ 36. Kg3 Re5 37. f4 h4+ 38. Kg4 Rb5 39. e5 Re6 40. Rdd7 Rb2 41. Rxf7+ Kg8 42. Rfd7 1-0

[Event "Piestany op"]
[Site "Piestany"]
[Date "2014.11.20"]
[Round "7"]
[White "Lezovic, Maros"]
[Black "Sturc, Jan"]
[Result "1/2-1/2"]
[WhiteElo "1792"]
[BlackElo "2056"]
[PlyCount "77"]
[EventDate "2014.11.15"]
[EventType "swiss"]
[EventRounds "8"]
[EventCountry "SVK"]
[SourceTitle "EXT 2023"]
[Source "ChessBase"]
[SourceDate "2022.10.05"]
[SourceVersion "1"]
[SourceVersionDate "2022.10.05"]
[SourceQuality "1"]

1. e4 c5 2. Nf3 Nc6 3. g3 g6 4. Bg2 Bg7 5. c3 Nf6 6. d3 d6 7. 0-0 0-0 8. Nh4 Bg4 9. f3 Bd7 10. f4 Re8 11. Na3 Bg4 12. Qe1 Bd7 13. Nc2 b5 14. a3 a5 15. Rb1 a4 16. Kh1 Rb8 17. Bd2 Qc8 18. f5 Ne5 19. d4 cxd4 20. Nxd4 Qc4 21. Nhf3 Nfg4 22. h3 Nd3 23. Qe2 Nge5 24. Be3 Nc5 25. Nxe5 dxe5 26. Qxc4 bxc4 27. Nc6 Bxc6 28. Bxc5 Bf6 29. fxg6 fxg6 30. Bb4 Red8 31. Rbd1 Kf7 32. g4 Ke8 33. Rfe1 Rxd1 34. Rxd1 Bg5 35. Kg1 Rd8 36. Rxd8+ Kxd8 37. Kf2 Bf4 38. Bf3 Bd7 39. Be2 1/2-1/2

[Event "Piestany op"]
[Site "Piestany"]
[Date "2014.11.17"]
[Round "4"]
[White "Dubnicka, Ferdinand"]
[Black "Lezovic, Maros"]
[Result "0-1"]
[WhiteElo "1391"]
[BlackElo "1792"]
[PlyCount "118"]
[EventDate "2014.11.15"]
[EventType "swiss"]
[EventRounds "8"]
[EventCountry "SVK"]
[SourceTitle "EXT 2023"]
[Source "ChessBase"]
[SourceDate "2022.10.05"]
[SourceVersion "1"]
[SourceVersionDate "2022.10.05"]
[SourceQuality "1"]

1. e4 e5 2. Nc3 Nc6 3. Nf3 d6 4. Bb5 Bg4 5. Nd5 a6 6. Be2 Bxf3 7. Bxf3 Nge7 8. d3 Nd4 9. 0-0 Nxd5 10. exd5 f5 11. c3 Nxf3+ 12. Qxf3 g6 13. Qg3 Be7 14. Re1 0-0 15. Bh6 f4 16. Qh3 Rf5 17. d4 Bg5 18. dxe5 Bxh6 19. Qxh6 dxe5 20. Qh3 Qxd5 21. Red1 Qc6 22. Qd3 Re8 23. f3 Rf7 24. Qd5 Qxd5 25. Rxd5 e4 26. fxe4 Rxe4 27. Rd2 f3 28. g3 g5 29. Kf2 g4 30. Rad1 Rfe7 31. a3 Re2+ 32. Kg1 Re1+ 33. Rxe1 Rxe1+ 34. Kf2 Rh1 35. Ke3 h5 36. Rf2 Re1+ 37. Kf4 Re2 38. Rf1 Rxb2 39. h3 gxh3 40. Kxf3 Rc2 41. Rh1 Rxc3+ 42. Kf4 Rxa3 43. Rxh3 Ra5 44. Rh1 c6 45. Rd1 Rb5 46. Rd4 Kf7 47. Rd6 Ke7 48. Rd4 a5 49. g4 hxg4 50. Kg3 Rb4 51. Rd2 a4 52. Ra2 Kd6 53. Kf2 b5 54. Rd2+ Kc5 55. Rc2+ Rc4 56. Rb2 b4 57. Ke3 a3 58. Ra2 Rc3+ 59. Kf4 Kd4 0-1

[Event "SVK-chT3A2 1314"]
[Site "Slovakia"]
[Date "2013.12.15"]
[Round "5.1"]
[White "Hertel, Ondrej"]
[Black "Lezovic, Maros"]
[Result "1/2-1/2"]
[WhiteElo "2055"]
[BlackElo "1790"]
[PlyCount "83"]
[EventDate "2013.10.13"]
[EventType "team-tourn"]
[EventRounds "11"]
[EventCountry "SVK"]
[SourceTitle "EXT 2015"]
[Source "ChessBase"]
[SourceDate "2014.11.20"]
[SourceVersion "1"]
[SourceVersionDate "2014.11.20"]
[SourceQuality "1"]
[WhiteTeam "Hlohovec"]
[BlackTeam "Trnava Modranka Jun"]
[WhiteTeamCountry "SVK"]
[BlackTeamCountry "SVK"]

1. d4 d5 2. Nf3 Nf6 3. c4 c6 4. Nc3 e6 5. Bg5 Be7 6. e3 Nbd7 7. Rc1 h6 8. Bh4 Ne4 9. Bxe7 Qxe7 10. Nxe4 dxe4 11. Nd2 f5 12. Qh5+ Qf7 13. Qxf7+ Kxf7 14. c5 Nf6 15. Nc4 g5 16. h4 g4 17. g3 h5 18. Be2 Ke7 19. 0-0 Bd7 20. a4 Nd5 21. Ne5 Be8 22. Rc4 a5 23. Ra1 Kd8 24. Rcc1 Kc7 25. Bc4 Rh6 26. Bxd5 exd5 27. Rcb1 Kc8 28. b4 axb4 29. Rxb4 Ra5 30. Rab1 Rh7 31. Kf1 Rc7 32. Ke2 Ra7 33. Kd2 Kb8 34. Kc2 Rc8 35. Kb3 Kc7 36. Rb6 Rca8 37. Kc3 Rb8 38. R1b4 Ra5 39. Kb3 Ra7 40. Ka3 Rba8 41. Kb3 Rb8 42. Ka3 1/2-1/2

[Event "SVK-chT4 A22 1314"]
[Site "Slovakia"]
[Date "2013.11.03"]
[Round "3.5"]
[White "Barca, Michal"]
[Black "Lezovic, Maros"]
[Result "1-0"]
[WhiteElo "1807"]
[BlackElo "1790"]
[PlyCount "33"]
[EventDate "2013.10.06"]
[EventType "team-tourn"]
[EventRounds "11"]
[EventCountry "SVK"]
[SourceTitle "EXT 2015"]
[Source "ChessBase"]
[SourceDate "2014.11.20"]
[SourceVersion "1"]
[SourceVersionDate "2014.11.20"]
[SourceQuality "1"]
[WhiteTeam "Hlohovec II"]
[BlackTeam "Trnava Modranka II"]
[WhiteTeamCountry "SVK"]
[BlackTeamCountry "SVK"]

1. c4 e5 2. Nc3 g6 3. Nf3 Bg7 4. g3 Ne7 5. d4 exd4 6. Nxd4 Nbc6 7. Nf3 d6 8. Bg2 Be6 9. Nd5 0-0 10. 0-0 Na5 11. Nd4 c5 12. Nxe6 fxe6 13. Nxe7+ Qxe7 14. Qa4 Qc7 15. Rd1 Rab8 16. Bf4 Rbd8 17. Bxd6 1-0

[Event "Senica op 5th"]
[Site "Senica"]
[Date "2013.08.09"]
[Round "9"]
[White "Wallner, Juraj"]
[Black "Lezovic, Maros"]
[Result "1-0"]
[WhiteElo "1490"]
[BlackElo "1773"]
[PlyCount "51"]
[EventDate "2013.08.03"]
[EventType "swiss"]
[EventRounds "9"]
[EventCountry "SVK"]
[SourceTitle "CBM 156 Extra"]
[Source "ChessBase"]
[SourceDate "2013.10.22"]
[SourceVersion "1"]
[SourceVersionDate "2013.10.22"]
[SourceQuality "1"]

1. e4 e5 2. Nf3 Nc6 3. Bc4 Be7 4. Nc3 Nf6 5. d4 d6 6. h3 h6 7. Be3 Na5 8. Bd3 Nc6 9. d5 Nb8 10. Qe2 a5 11. Nd2 c5 12. dxc6 bxc6 13. f4 Ba6 14. fxe5 dxe5 15. 0-0 Bxd3 16. cxd3 Nbd7 17. d4 Qc7 18. Rad1 Nf8 19. Nc4 Ng6 20. d5 Bc5 21. Bxc5 cxd5 22. Nd6+ Kd8 23. Nxd5 Qxc5+ 24. Kh1 Ra7 25. Nxf6 gxf6 26. Nb7+ 1-0

[Event "Senica op 5th"]
[Site "Senica"]
[Date "2013.08.07"]
[Round "7"]
[White "Lezovic, Maros"]
[Black "Plata Fernandez, Diego"]
[Result "1-0"]
[WhiteElo "1773"]
[BlackElo "1737"]
[PlyCount "36"]
[EventDate "2013.08.03"]
[EventType "swiss"]
[EventRounds "9"]
[EventCountry "SVK"]
[SourceTitle "CBM 156 Extra"]
[Source "ChessBase"]
[SourceDate "2013.10.22"]
[SourceVersion "1"]
[SourceVersionDate "2013.10.22"]
[SourceQuality "1"]

1. e4 c5 2. Nf3 Nf6 3. e5 Nd5 4. c3 Nc6 5. g3 Qc7 6. Qe2 d6 7. exd6 Qxd6 8. Bg2 e5 9. 0-0 f5 10. Nxe5 Nxc3 11. dxc3 Be7 12. Nxc6 bxc6 13. Bf4 Qf6 14. Re1 Kf7 15. Qe5 Rd8 16. Qxf6+ Bxf6 17. Bxc6 g5 18. Bc7 Bb7 1-0

[Event "Senica op 5th"]
[Site "Senica"]
[Date "2013.08.03"]
[Round "1"]
[White "Jablonicky, Frantisek"]
[Black "Lezovic, Maros"]
[Result "1-0"]
[WhiteElo "2107"]
[BlackElo "1773"]
[PlyCount "77"]
[EventDate "2013.08.03"]
[EventType "swiss"]
[EventRounds "9"]
[EventCountry "SVK"]
[SourceTitle "CBM 156 Extra"]
[Source "ChessBase"]
[SourceDate "2013.10.22"]
[SourceVersion "1"]
[SourceVersionDate "2013.10.22"]
[SourceQuality "1"]

1. g3 Nc6 2. d4 d5 3. Bg2 g6 4. Nf3 Bg7 5. 0-0 Nf6 6. b3 0-0 7. Bb2 Ne4 8. Nbd2 f5 9. e3 e5 10. c4 g5 11. Qe2 Kh8 12. a3 h5 13. Nxe4 fxe4 14. Nxe5 Qe8 15. Nxc6 bxc6 16. Rac1 Rb8 17. cxd5 cxd5 18. Rc3 Rb6 19. Rfc1 Ba6 20. Qd1 c5 21. dxc5 Rbf6 22. R3c2 Rf5 23. Bf1 Bc8 24. c6 Qf7 25. Qd2 Kh7 26. Bxg7 Kxg7 27. Rb2 h4 28. Bh3 Rf3 29. Bxc8 hxg3 30. hxg3 Rxc8 31. Qd4+ Kg6 32. Rd2 Rd8 33. Rc5 Rd6 34. Rxd5 Rxc6 35. Qxe4+ Kh6 36. Qg4 Qf6 37. Rd7 Rc1+ 38. Kg2 Rxg3+ 39. Qxg3 1-0

[Event "SVK-chT U20 final"]
[Site "Liptovsky Hradok"]
[Date "2013.05.05"]
[Round "4.3"]
[White "Lezovic, Maros"]
[Black "Haring, Filip"]
[Result "1-0"]
[WhiteElo "1781"]
[BlackElo "1739"]
[PlyCount "89"]
[EventDate "2013.05.03"]
[EventType "team-tourn"]
[EventRounds "5"]
[EventCountry "SVK"]
[SourceTitle "EXT 2022"]
[Source "ChessBase"]
[SourceDate "2021.10.06"]
[SourceVersion "1"]
[SourceVersionDate "2021.10.06"]
[SourceQuality "1"]
[WhiteTeam "Modranka Komplet U20"]
[BlackTeam "Banska Bystrica Junior U20"]
[WhiteTeamCountry "SVK"]
[BlackTeamCountry "SVK"]

1. e4 c5 2. Nf3 e6 3. g3 d5 4. exd5 exd5 5. d4 c4 6. Bg2 Be7 7. 0-0 Nf6 8. Bg5 0-0 9. Bxf6 Bxf6 10. c3 Bf5 11. Re1 Nc6 12. Na3 a6 13. Nc2 b5 14. Ne3 Be6 15. Qc2 b4 16. Nd2 a5 17. Ndxc4 Rc8 18. Rad1 Na7 19. Ne5 bxc3 20. bxc3 Nb5 21. Qd2 Nxc3 22. Rc1 Ne4 23. Rxc8 Bxc8 24. Qc2 Bxe5 25. dxe5 f5 26. f3 Ng5 27. h4 d4 28. hxg5 dxe3 29. Qb3+ Kh8 30. Qxe3 Re8 31. f4 Be6 32. a3 Qd7 33. Qc5 Qd2 34. Qc1 Qd3 35. Qc6 Qd4+ 36. Kh2 Bd7 37. Qd5 Qa4 38. e6 Bc8 39. Qd6 Qc2 40. Kh3 Qc4 41. e7 Qf7 42. Bd5 Qh5+ 43. Kg2 Qg4 44. Bf3 Bb7 45. Bxb7 1-0

[Event "Senica op 4th"]
[Site "Senica"]
[Date "2012.08.03"]
[Round "1"]
[White "Lezovic, Maros"]
[Black "Pagerka, Martin"]
[Result "0-1"]
[WhiteElo "1750"]
[BlackElo "2258"]
[PlyCount "80"]
[EventDate "2012.08.03"]
[EventType "swiss"]
[EventRounds "9"]
[EventCountry "SVK"]
[SourceTitle "EXT 2014"]
[Source "ChessBase"]
[SourceDate "2013.11.20"]
[SourceVersion "1"]
[SourceVersionDate "2013.11.20"]
[SourceQuality "1"]

1. e4 c5 2. Nf3 d6 3. g3 Nc6 4. Bg2 g6 5. Nc3 Bg7 6. 0-0 e6 7. Ne2 Nge7 8. c3 0-0 9. d4 Qc7 10. Be3 b6 11. e5 dxe5 12. Nxe5 Bb7 13. Nxc6 Bxc6 14. Bxc6 Qxc6 15. dxc5 bxc5 16. Nf4 Nf5 17. Qe2 Rab8 18. Nd3 c4 19. Nb4 Qe4 20. Rfe1 a5 21. Na6 Nxe3 22. f3 Qb7 23. Nxb8 Nd5 24. Nd7 Qxd7 25. Qxc4 Qa7+ 26. Kh1 Qb7 27. Qb3 Qc6 28. c4 Nb4 29. a3 a4 30. Qd1 Na6 31. Qe2 Rb8 32. Rab1 Rb3 33. Kg2 Nc5 34. Red1 h6 35. Rd2 e5 36. Rd5 Ne6 37. Qe4 f5 38. Qe2 Nd4 39. Qd2 Nxf3 40. Rd6 Nxd2+ 0-1

[Event "Trnava Reti Memorial op"]
[Site "Trnava"]
[Date "2011.09.02"]
[Round "7"]
[White "Puskar, Peter"]
[Black "Lezovic, Maros"]
[Result "0-1"]
[WhiteElo "1844"]
[BlackElo "1658"]
[PlyCount "118"]
[EventDate "2011.08.29"]
[EventType "swiss"]
[EventRounds "9"]
[EventCountry "SVK"]
[SourceTitle "CBM 144 Extra"]
[Source "ChessBase"]
[SourceDate "2011.10.28"]
[SourceVersion "1"]
[SourceVersionDate "2011.10.28"]
[SourceQuality "1"]

1. d4 d5 2. c4 c6 3. Nc3 Nf6 4. Nf3 e6 5. Bg5 Be7 6. e3 h6 7. Bh4 Nbd7 8. Bd3 0-0 9. 0-0 Nh5 10. Bxe7 Qxe7 11. Rc1 f5 12. Ne5 Nxe5 13. dxe5 g6 14. f4 Qc5 15. Qe2 Qe7 16. Rfd1 Qh4 17. Qf2 g5 18. Qxh4 gxh4 19. Ne2 Kh7 20. Nd4 Ng7 21. Nf3 h3 22. g3 Ne8 23. Bf1 Nc7 24. c5 Bd7 25. Bxh3 Rg8 26. Kf2 Be8 27. Rd2 Bh5 28. Ne1 Rg7 29. Bf1 Rag8 30. Be2 Bg4 31. Bxg4 Rxg4 32. Nf3 Na6 33. Nd4 Nc7 34. b4 a6 35. a4 Ra8 36. Kf3 h5 37. Rh1 Rag8 38. Rg2 h4 39. Rhg1 h3 40. Rb2 Ra8 41. Ra1 Rgg8 42. Ke2 Kg7 43. Kd3 Kf7 44. Ra3 Ke7 45. Rab3 Kd7 46. Nf3 Rh8 47. Ng5 Rag8 48. Rb1 Rb8 49. Kd4 b5 50. cxb6 Rxb6 51. Kc5 Rhb8 52. Nxh3 a5 53. b5 cxb5 54. axb5 a4 55. Ra3 Nxb5 56. Rxa4 Rc6+ 57. Kb4 Rc4+ 58. Ka5 Rxa4+ 59. Kxa4 Nc3+ 0-1

[Event "Trnava Reti Memorial op"]
[Site "Trnava"]
[Date "2011.09.01"]
[Round "6"]
[White "Sipkovsky, Ladislav"]
[Black "Lezovic, Maros"]
[Result "1-0"]
[WhiteElo "1873"]
[BlackElo "1658"]
[PlyCount "65"]
[EventDate "2011.08.29"]
[EventType "swiss"]
[EventRounds "9"]
[EventCountry "SVK"]
[SourceTitle "CBM 144 Extra"]
[Source "ChessBase"]
[SourceDate "2011.10.28"]
[SourceVersion "1"]
[SourceVersionDate "2011.10.28"]
[SourceQuality "1"]

1. e4 e5 2. Nf3 Nc6 3. Nc3 Bb4 4. Bc4 Bxc3 5. dxc3 Nf6 6. Qd3 d6 7. Bg5 h6 8. Bh4 0-0 9. h3 Na5 10. Nd2 a6 11. Nb3 Nxc4 12. Qxc4 b5 13. Qd3 Bb7 14. f3 c5 15. Qe2 c4 16. Nd2 g5 17. Bf2 Nh5 18. g3 d5 19. exd5 Bxd5 20. 0-0-0 Qc7 21. Ne4 Qc6 22. Qe3 f5 23. Nd2 Rfe8 24. h4 g4 25. Rhg1 Bxf3 26. Nxf3 Qxf3 27. Qxh6 Qxf2 28. Qxh5 Red8 29. Qg6+ Kh8 30. Qf6+ Kh7 31. Qxe5 Re8 32. Rd7+ Kg6 33. Qg7+ 1-0